| 000 | 00532nam a22001817a 4500 | ||
|---|---|---|---|
| 005 | 20231107062530.0 | ||
| 008 | 231107b |||||||| |||| 00| 0 eng d | ||
| 020 | _a0702115320 | ||
| 041 | _aEnglish | ||
| 082 | _a346.5 HON | ||
| 100 |
_aHonore, T _lEnglish |
||
| 245 |
_aThe South African Law of Trusts / _cT Honore |
||
| 250 | _aThird Edition | ||
| 260 |
_aCape Town : _bJuta and Company Ltd, _c1985 |
||
| 300 |
_blxvi, 551 pages ; _c26 cm. |
||
| 650 |
_aLegal practice _bLaw |
||
| 942 |
_cBK _6ALISON_BN_VRIES |
||
| 999 |
_c339 _d339 |
||